[Event "Stockholm op"]
[Site "Stockholm"]
[Date "2018.08.17"]
[Round "7"]
[White "Evertsson, Rune"]
[Black "Horta, Hector"]
[Result "1-0"]
[WhiteElo "2022"]
[BlackElo "1873"]
[PlyCount "102"]
[EventDate "2018.08.13"]
[EventType "swiss"]
[EventRounds "9"]
[EventCountry "SWE"]
[SourceTitle "EXT 2019"]
[Source "ChessBase"]
[SourceDate "2018.10.10"]
[SourceVersion "1"]
[SourceVersionDate "2018.10.10"]
[SourceQuality "1"]

1. c4 e5 2. Nc3 Nc6 3. g3 g6 4. Bg2 Nge7 5. e3 Bg7 6. Nge2 0-0 7. 0-0 d6 8. d4 exd4 9. Nxd4 Nxd4 10. exd4 Nf5 11. Ne2 Qf6 12. d5 Re8 13. Nc3 Bd7 14. Ne4 Qd4 15. Qxd4 Nxd4 16. Bg5 Nc2 17. Rad1 Bf5 18. Nf6+ Bxf6 19. Bxf6 Bg4 20. Rd2 Ne1 21. f3 Nxg2 22. fxg4 Ne3 23. Rf4 h5 24. h3 b5 25. b3 bxc4 26. bxc4 Rab8 27. Rb2 Rxb2 28. Bxb2 Rb8 29. Bd4 Nxc4 30. gxh5 gxh5 31. Rh4 Ne5 32. Kf2 Rb5 33. Ke3 Rxd5 34. Bxa7 Ra5 35. Bb8 Ra3+ 36. Ke4 Rxa2 37. Bxc7 Ra6 38. Rxh5 Ng6 39. Rg5 Kg7 40. h4 Rc6 41. Ba5 Kf6 42. Bd8+ Ke6 43. h5 Ne5 44. Rg8 Rc4+ 45. Ke3 Rc1 46. h6 Rh1 47. Bh4 f5 48. h7 Nf7 49. Rf8 f4+ 50. Kxf4 Rf1+ 51. Ke3 Ke5 1-0

[Event "IECG CM.2005.0.00282"]
[Site "IECG email"]
[Date "2005.07.19"]
[Round "?"]
[White "Turner, George"]
[Black "Horta, Hector"]
[Result "1/2-1/2"]
[WhiteElo "2320"]
[BlackElo "2359"]
[PlyCount "28"]
[EventDate "2005.07.19"]
[EventType "tourn (corr)"]
[EventRounds "6"]
[SourceTitle "Corr 2024"]
[Source "ChessBase"]
[SourceDate "2023.10.19"]
[SourceVersion "1"]
[SourceVersionDate "2023.10.19"]
[SourceQuality "1"]

1. d4 Nf6 2. c4 e6 3. Nc3 d5 4. Bg5 Be7 5. e3 0-0 6. Nf3 h6 7. Bh4 b6 8. Be2 Bb7 9. Bxf6 Bxf6 10. cxd5 exd5 11. b4 c5 12. bxc5 bxc5 13. Rb1 Bc6 14. 0-0 Nd7 1/2-1/2

[Event "IECG CM.2002.0.00202 email"]
[Site "IECG email"]
[Date "2002.12.05"]
[Round "?"]
[White "Daurelle, Herve"]
[Black "Horta, Hector"]
[Result "1-0"]
[WhiteElo "2359"]
[BlackElo "2382"]
[PlyCount "49"]
[EventDate "2002.12.05"]
[EventType "tourn (corr)"]
[EventRounds "6"]
[SourceTitle "Corr 2008"]
[Source "ChessBase"]
[SourceDate "2008.06.24"]
[SourceVersion "1"]
[SourceVersionDate "2008.06.24"]
[SourceQuality "1"]

1. e4 c5 2. Nf3 d6 3. d4 cxd4 4. Nxd4 Nf6 5. Nc3 g6 6. Be3 Bg7 7. f3 Nc6 8. Qd2 0-0 9. 0-0-0 Bd7 10. g4 Rc8 11. h4 Ne5 12. h5 Qa5 13. Be2 b5 14. Kb1 b4 15. Nd5 Nxd5 16. exd5 Rfe8 17. hxg6 fxg6 18. Qe1 Qxd5 19. Qh4 Qf7 20. Qxh7+ Kf8 21. Bh6 Bxh6 22. Qxh6+ Qg7 23. Qe3 Nc4 24. Qb3 d5 25. f4 1-0

[Event "IECG CM.2002.0.00202 email"]
[Site "IECG email"]
[Date "2002.12.05"]
[Round "?"]
[White "Horta, Hector"]
[Black "Schulze, Michael"]
[Result "1/2-1/2"]
[WhiteElo "2382"]
[BlackElo "2436"]
[PlyCount "73"]
[EventDate "2002.12.05"]
[EventType "tourn (corr)"]
[EventRounds "6"]
[SourceTitle "Corr 2008"]
[Source "ChessBase"]
[SourceDate "2008.06.24"]
[SourceVersion "1"]
[SourceVersionDate "2008.06.24"]
[SourceQuality "1"]

1. e4 e5 2. Nf3 Nc6 3. Bb5 a6 4. Ba4 Nf6 5. 0-0 Be7 6. Re1 b5 7. Bb3 0-0 8. c3 d5 9. exd5 Nxd5 10. Nxe5 Nxe5 11. Rxe5 c6 12. Re1 Bd6 13. d3 Qh4 14. g3 Qh3 15. Re4 Qd7 16. Nd2 Bb7 17. Re1 c5 18. Ne4 Be7 19. a4 b4 20. Bg5 Bxg5 21. Nxg5 bxc3 22. bxc3 Rad8 23. Ne4 Qc6 24. Qh5 Nxc3 25. Qxc5 Nxe4 26. Qxc6 Bxc6 27. dxe4 Rd4 28. e5 Rb8 29. Rec1 Be8 30. Bc4 a5 31. Bf1 Bxa4 32. Rc7 Ra8 33. Bg2 Rad8 34. h4 Rd1+ 35. Rxd1 Rxd1+ 36. Kh2 Kf8 37. Ra7 1/2-1/2

[Event "IECG CM.2002.0.00177 email"]
[Site "IECG email"]
[Date "2002.04.12"]
[Round "?"]
[White "Gutsche, Dieter"]
[Black "Horta, Hector"]
[Result "1/2-1/2"]
[WhiteElo "2479"]
[BlackElo "2431"]
[PlyCount "69"]
[EventDate "2002.04.12"]
[EventType "tourn (corr)"]
[EventRounds "6"]
[SourceTitle "Corr 2008"]
[Source "ChessBase"]
[SourceDate "2008.06.24"]
[SourceVersion "1"]
[SourceVersionDate "2008.06.24"]
[SourceQuality "1"]

1. e4 c5 2. Nf3 d6 3. d4 cxd4 4. Nxd4 Nf6 5. Nc3 g6 6. Be3 Bg7 7. f3 Nc6 8. Qd2 0-0 9. Bc4 Bd7 10. 0-0-0 Qa5 11. Bb3 Rfc8 12. g4 Ne5 13. h4 b5 14. h5 b4 15. Nd5 Nxd5 16. exd5 Nc4 17. Bxc4 Rxc4 18. Kb1 Qxd5 19. hxg6 fxg6 20. Qh2 Qe5 21. Qxh7+ Kf7 22. Rh6 Qxe3 23. Qxg6+ Kg8 24. Rdh1 Qxh6 25. Rxh6 Rxd4 26. c3 Rf4 27. Rh7 Rf7 28. Rh8+ Kxh8 29. Qxf7 Bf6 30. cxb4 Rc8 31. Qg6 Be5 32. a3 Rf8 33. Qh6+ Kg8 34. Qg5+ Kf7 35. Qh5+ 1/2-1/2

[Event "IECG CM.2002.0.00177 email"]
[Site "IECG email"]
[Date "2002.04.12"]
[Round "?"]
[White "Horta, Hector"]
[Black "Monacell, James P"]
[Result "0-1"]
[WhiteElo "2431"]
[BlackElo "2476"]
[PlyCount "102"]
[EventDate "2002.04.12"]
[EventType "tourn (corr)"]
[EventRounds "6"]
[SourceTitle "Corr 2008"]
[Source "ChessBase"]
[SourceDate "2008.06.24"]
[SourceVersion "1"]
[SourceVersionDate "2008.06.24"]
[SourceQuality "1"]

1. d4 Nf6 2. c4 e6 3. e3 b6 4. Nf3 Bb7 5. Bd3 d5 6. 0-0 Bd6 7. b3 0-0 8. Bb2 Nbd7 9. Nc3 a6 10. Rc1 Qe7 11. Qe2 dxc4 12. bxc4 c5 13. Rfd1 Rad8 14. Rb1 e5 15. dxc5 Nxc5 16. e4 Nxd3 17. Qxd3 b5 18. Nd5 Nxd5 19. cxd5 f5 20. Rbc1 fxe4 21. Qxe4 Rf4 22. Qe3 Rdf8 23. Rc2 R8f5 24. Rcd2 b4 25. h3 h6 26. Nxe5 Bc5 27. Ng6 Qxe3 28. fxe3 Bxe3+ 29. Kh2 Bxd2 30. Ne7+ Kf7 31. Nxf5 Rxf5 32. Rxd2 Bxd5 33. g4 Rf1 34. Rxd5 Rf2+ 35. Kg3 Rxb2 36. Ra5 b3 37. axb3 Rxb3+ 38. Kf4 Rb6 39. h4 g6 40. Rc5 Ke7 41. h5 g5+ 42. Ke3 Kd7 43. Ra5 Kc7 44. Kd4 Kb7 45. Kc5 Rb1 46. Ra2 Rb5+ 47. Kc4 Kb6 48. Rf2 Rc5+ 49. Kb3 Rc6 50. Rf5 a5 51. Rf6 Rxf6 0-1

[Event "IECG CM.2002.0.00177 email"]
[Site "IECG email"]
[Date "2002.04.12"]
[Round "?"]
[White "Knudsen, John C"]
[Black "Horta, Hector"]
[Result "0-1"]
[WhiteElo "2475"]
[BlackElo "2431"]
[PlyCount "64"]
[EventDate "2002.04.12"]
[EventType "tourn (corr)"]
[EventRounds "6"]
[SourceTitle "Corr 2008"]
[Source "ChessBase"]
[SourceDate "2008.06.24"]
[SourceVersion "1"]
[SourceVersionDate "2008.06.24"]
[SourceQuality "1"]

1. d4 Nf6 2. c4 g6 3. g3 Bg7 4. Bg2 0-0 5. Nc3 d6 6. Nf3 Nbd7 7. 0-0 e5 8. e4 c6 9. Be3 Ng4 10. Bg5 Qb6 11. h3 exd4 12. Na4 Qa6 13. hxg4 b5 14. c5 bxa4 15. cxd6 c5 16. Be7 Re8 17. e5 Bb7 18. Re1 Rab8 19. Qc1 Bxf3 20. e6 fxe6 21. Bxf3 c4 22. Rxe6 Qb5 23. Re1 d3 24. Rb1 Ne5 25. Be4 Bf8 26. Bxf8 Kxf8 27. Qe3 Rb6 28. Qd4 Nf7 29. Bd5 Rxe1+ 30. Rxe1 Rxd6 31. Bxc4 Rxd4 32. Bxb5 Nd6 0-1

[Event "IECG CM.2002.0.00177 email"]
[Site "IECG email"]
[Date "2002.04.12"]
[Round "?"]
[White "Percze, Janos"]
[Black "Horta, Hector"]
[Result "1-0"]
[WhiteElo "2370"]
[BlackElo "2431"]
[PlyCount "101"]
[EventDate "2002.04.12"]
[EventType "tourn (corr)"]
[EventRounds "6"]
[SourceTitle "Corr 2008"]
[Source "ChessBase"]
[SourceDate "2008.06.24"]
[SourceVersion "1"]
[SourceVersionDate "2008.06.24"]
[SourceQuality "1"]

1. e4 c5 2. Nf3 d6 3. d4 cxd4 4. Nxd4 Nf6 5. Nc3 g6 6. Be3 Bg7 7. f3 Nc6 8. Qd2 0-0 9. Bc4 Bd7 10. 0-0-0 Qa5 11. Bb3 Rfc8 12. h4 Ne5 13. g4 b5 14. h5 b4 15. Nd5 Nxd5 16. exd5 Nc4 17. Bxc4 Rxc4 18. Kb1 Qxd5 19. hxg6 fxg6 20. Qh2 Qe5 21. Qxh7+ Kf7 22. Rh6 Qxe3 23. Qxg6+ Kg8 24. Rdh1 Qxh6 25. Rxh6 Rxd4 26. c3 Rf4 27. Rh7 Rf7 28. Rh8+ Kxh8 29. Qxf7 Bf6 30. cxb4 Rc8 31. Qg6 Be5 32. a3 Rf8 33. Qh6+ Kg8 34. Qg5+ Kf7 35. f4 Bf6 36. Qh5+ Kg7 37. Qd5 Kg6 38. Qe4+ Kf7 39. g5 Bg7 40. a4 Rh8 41. b5 Rc8 42. f5 Rc5 43. g6+ Kf8 44. Qa8+ Be8 45. Qxa7 Rxf5 46. Qb8 Rf1+ 47. Kc2 Rf2+ 48. Kd3 Rxb2 49. b6 Rb3+ 50. Kd2 Rb2+ 51. Kc1 1-0

[Event "IECG CP.2001.P.00001"]
[Site "IECG email"]
[Date "2001.10.01"]
[Round "?"]
[White "Gajic, Zoran"]
[Black "Horta, Hector"]
[Result "1/2-1/2"]
[WhiteElo "1970"]
[BlackElo "2431"]
[PlyCount "56"]
[EventDate "2001.10.01"]
[EventType "tourn (corr)"]
[EventRounds "6"]
[SourceTitle "Corr 2008"]
[Source "ChessBase"]
[SourceDate "2008.06.24"]
[SourceVersion "1"]
[SourceVersionDate "2008.06.24"]
[SourceQuality "1"]

1. d4 Nf6 2. Nc3 d5 3. e4 Nxe4 4. Nxe4 dxe4 5. Bc4 Bf5 6. Be3 e6 7. Ne2 Nd7 8. 0-0 Bd6 9. Ng3 c6 10. d5 Bxg3 11. fxg3 cxd5 12. Bxd5 Qc7 13. Qd4 Nf6 14. Qa4+ Qd7 15. Qxd7+ Kxd7 16. Bxb7 Rab8 17. Rfd1+ Kc7 18. Ba6 Nd5 19. Bd4 f6 20. Be2 Rhd8 21. b3 Kb7 22. c4 Nb4 23. Bc5 Rxd1+ 24. Rxd1 Nxa2 25. Ra1 Nc3 26. Bf1 Kc8 27. b4 e3 28. Bd4 e2 1/2-1/2

[Event "IECG CP.2001.P.00001"]
[Site "IECG email"]
[Date "2001.10.01"]
[Round "?"]
[White "Horta, Hector"]
[Black "Oestergaard, Allan"]
[Result "1-0"]
[WhiteElo "2431"]
[BlackElo "2101"]
[PlyCount "53"]
[EventDate "2001.10.01"]
[EventType "tourn (corr)"]
[EventRounds "6"]
[SourceTitle "Corr 2008"]
[Source "ChessBase"]
[SourceDate "2008.06.24"]
[SourceVersion "1"]
[SourceVersionDate "2008.06.24"]
[SourceQuality "1"]

1. e4 c5 2. Nf3 e6 3. d4 cxd4 4. Nxd4 Nc6 5. Nc3 Qc7 6. f4 a6 7. Nxc6 Qxc6 8. Bd3 b5 9. Qe2 Bb7 10. Bd2 b4 11. Nd5 f5 12. 0-0-0 Rc8 13. Nxb4 Qa4 14. exf5 Bxb4 15. fxe6 dxe6 16. Qxe6+ Be7 17. Rhe1 Kf8 18. Be4 Rc5 19. Be3 Rc7 20. Qe5 Bxe4 21. Qxc7 Nf6 22. Rd4 Qc6 23. Rc4 Qxc7 24. Rxc7 Bf5 25. Ra7 Bc8 26. c4 h6 27. a3 1-0

[Event "IECG CP.2001.P.00001"]
[Site "IECG email"]
[Date "2001.10.01"]
[Round "?"]
[White "Jones, Malcolm"]
[Black "Horta, Hector"]
[Result "0-1"]
[WhiteElo "929"]
[BlackElo "2431"]
[PlyCount "51"]
[EventDate "2001.10.01"]
[EventType "tourn (corr)"]
[EventRounds "6"]
[SourceTitle "Corr 2008"]
[Source "ChessBase"]
[SourceDate "2008.06.24"]
[SourceVersion "1"]
[SourceVersionDate "2008.06.24"]
[SourceQuality "1"]

1. e4 c5 2. Qf3 Nc6 3. c3 g6 4. Bc4 Nf6 5. d3 Ne5 6. Qe3 Nxc4 7. dxc4 Bg7 8. e5 Ng4 9. Qg3 Nxe5 10. Bh6 Bf6 11. Nd2 d5 12. Bf4 Nxc4 13. Nxc4 dxc4 14. Be5 0-0 15. Bxf6 exf6 16. Ne2 Qe7 17. Qf4 Re8 18. Qxc4 b5 19. Qxb5 Rb8 20. Qd3 Bg4 21. f3 Rxb2 22. 0-0-0 Bf5 23. Qxf5 gxf5 24. Kxb2 Qxe2+ 25. Ka3 Rb8 26. Rb1 0-1

[Event "Pereyra mem-A email "]
[Site "CAPA email"]
[Date "1999.??.??"]
[Round "12"]
[White "Bormida, Adolfo A"]
[Black "Horta, Hector"]
[Result "0-1"]
[WhiteElo "2412"]
[BlackElo "2410"]
[PlyCount "68"]
[EventDate "1999.10.15"]
[EventType "tourn (corr)"]
[EventRounds "14"]
[EventCountry "ARG"]
[EventCategory "11"]
[SourceTitle "Corr 2002"]
[Source "ChessBase"]
[SourceDate "2002.05.23"]
[SourceVersion "1"]
[SourceVersionDate "2002.05.23"]
[SourceQuality "1"]

1. d4 d5 2. c4 e6 3. Nc3 c6 4. e4 dxe4 5. Nxe4 Bb4+ 6. Bd2 Qxd4 7. Bxb4 Qxe4+ 8. Be2 c5 9. Bxc5 Qxg2 10. Bf3 Qg5 11. Bd6 Ne7 12. Ne2 Nbc6 13. Rg1 Qa5+ 14. Nc3 Nf5 15. Bxc6+ bxc6 16. b4 Qa6 17. Bc5 Bb7 18. Rg4 Rd8 19. Qe2 Bc8 20. Rd1 Rxd1+ 21. Nxd1 Qb7 22. Rg5 Kd8 23. Qd3+ Bd7 24. Qa3 f6 25. Rg1 e5 26. Bxa7 Be6 27. Nb2 Ke8 28. Bc5 Kf7 29. Qh3 h5 30. Qd3 g5 31. Kf1 g4 32. Kg2 Nh4+ 33. Kf1 Bf5 34. Qe2 Nf3 0-1

[Event "Pereyra mem-A email "]
[Site "CAPA email"]
[Date "1999.??.??"]
[Round "7"]
[White "Horta, Hector"]
[Black "Tsvetkov, Aleksei Aleksandrov"]
[Result "1/2-1/2"]
[WhiteElo "2410"]
[BlackElo "2523"]
[PlyCount "39"]
[EventDate "1999.10.15"]
[EventType "tourn (corr)"]
[EventRounds "14"]
[EventCountry "ARG"]
[EventCategory "11"]
[SourceTitle "Corr 2002"]
[Source "ChessBase"]
[SourceDate "2002.05.23"]
[SourceVersion "1"]
[SourceVersionDate "2002.05.23"]
[SourceQuality "1"]

1. d4 Nf6 2. c4 c5 3. d5 b5 4. cxb5 a6 5. bxa6 g6 6. Nc3 Bxa6 7. e4 Bxf1 8. Kxf1 d6 9. g3 Bg7 10. Kg2 0-0 11. Nf3 Nbd7 12. Re1 Ng4 13. Qe2 Qa5 14. Nd2 Bxc3 15. Qxg4 Bxd2 16. Bxd2 Qxd2 17. Qxd7 Rfe8 18. a4 Qxb2 19. a5 c4 20. a6 1/2-1/2

[Event "Pereyra mem-A email "]
[Site "CAPA email"]
[Date "1999.??.??"]
[Round "6"]
[White "Polaczek, Richard"]
[Black "Horta, Hector"]
[Result "1/2-1/2"]
[WhiteElo "2500"]
[BlackElo "2410"]
[PlyCount "64"]
[EventDate "1999.10.15"]
[EventType "tourn (corr)"]
[EventRounds "14"]
[EventCountry "ARG"]
[EventCategory "11"]
[SourceTitle "Corr 2002"]
[Source "ChessBase"]
[SourceDate "2002.05.23"]
[SourceVersion "1"]
[SourceVersionDate "2002.05.23"]
[SourceQuality "1"]

1. d4 d5 2. c4 c6 3. Nf3 Nf6 4. Nc3 e6 5. Bg5 dxc4 6. e4 b5 7. e5 h6 8. Bh4 g5 9. Nxg5 hxg5 10. Bxg5 Nbd7 11. exf6 Bb7 12. g3 c5 13. d5 Bh6 14. Bxh6 Rxh6 15. Bg2 b4 16. 0-0 Nxf6 17. Qc1 Rh5 18. Ne2 exd5 19. Nf4 Re5 20. b3 Qe7 21. bxc4 dxc4 22. Bxb7 Qxb7 23. Qxc4 Ne4 24. Qe2 Qe7 25. Rae1 Ng5 26. Qb5+ Kf8 27. Rxe5 Qxe5 28. Qc6 Rd8 29. h4 Ne4 30. Re1 Re8 31. Rxe4 Qxe4 32. Qxc5+ Kg8 1/2-1/2

[Event "SWE-ch corr9395"]
[Site "Sweden"]
[Date "1993.??.??"]
[Round "?"]
[White "Horta, Hector"]
[Black "Andersson, Mats"]
[Result "1/2-1/2"]
[WhiteElo "2345"]
[BlackElo "2315"]
[PlyCount "53"]
[EventDate "1993.??.??"]
[EventType "tourn (corr)"]
[EventRounds "12"]
[EventCountry "SWE"]
[SourceTitle "Corr Nr. 1"]
[Source "ChessBase"]
[SourceDate "1997.09.01"]
[SourceVersion "2"]
[SourceVersionDate "2000.04.19"]
[SourceQuality "1"]

1. c4 c6 2. d4 d5 3. Nf3 Nf6 4. Nc3 e6 5. e3 Nbd7 6. Bd3 dxc4 7. Bxc4 b5 8. Bd3 Bb7 9. 0-0 b4 10. Ne4 Nxe4 11. Bxe4 Bd6 12. Nd2 Qc7 13. h3 c5 14. Bxb7 Qxb7 15. Nc4 Be7 16. dxc5 Nxc5 17. Nd6+ Bxd6 18. Qxd6 Ne4 19. Qd4 0-0 20. Rd1 a5 21. a3 Ra6 22. Qd7 Qxd7 23. Rxd7 Nc5 24. Rd1 Nb3 25. Rb1 Rb6 26. axb4 Rxb4 27. Bd2 1/2-1/2

[Event "SWE-ch corr9395"]
[Site "Sweden"]
[Date "1993.??.??"]
[Round "?"]
[White "Kalveus, Jan"]
[Black "Horta, Hector"]
[Result "0-1"]
[WhiteElo "2315"]
[BlackElo "2345"]
[PlyCount "70"]
[EventDate "1993.??.??"]
[EventType "tourn (corr)"]
[EventRounds "12"]
[EventCountry "SWE"]
[SourceTitle "Corr Nr. 1"]
[Source "ChessBase"]
[SourceDate "1997.09.01"]
[SourceVersion "2"]
[SourceVersionDate "2000.04.19"]
[SourceQuality "1"]

1. d4 e6 2. e4 d5 3. e5 c5 4. c3 Nc6 5. Nf3 Bd7 6. a3 f6 7. b4 fxe5 8. Nxe5 Nxe5 9. dxe5 Qc7 10. f4 Nh6 11. Bd3 a5 12. bxa5 g6 13. Qe2 c4 14. Bc2 Bc5 15. Be3 Rxa5 16. 0-0 Qb6 17. Bxc5 Qxc5+ 18. Qf2 Qxf2+ 19. Rxf2 0-0 20. Bd1 Rfa8 21. Rb2 b5 22. Raa2 Nf7 23. h4 Nd8 24. g3 Nb7 25. Rh2 Nc5 26. Rae2 Ne4 27. Re3 Rxa3 28. Nxa3 Rxa3 29. Rc2 b4 30. Rxe4 dxe4 31. cxb4 Ra1 32. Kf2 Rxd1 33. Rxc4 Bb5 34. Rc8+ Kg7 35. Rb8 Bc6 0-1